[Event "Belgrade-ch sf"]
[Site "Belgrade"]
[Date "2017.01.29"]
[Round "7"]
[White "Jovanovic, Aleksandar D"]
[Black "Jovanovic, Sasa T"]
[Result "0-1"]
[WhiteElo "2120"]
[BlackElo "2187"]
[PlyCount "70"]
[EventDate "2017.01.23"]
[EventType "swiss"]
[EventRounds "7"]
[EventCountry "SRB"]
[SourceTitle "CBM 176 Extra"]
[Source "ChessBase"]
[SourceDate "2017.03.02"]
[SourceVersion "1"]
[SourceVersionDate "2017.03.02"]
[SourceQuality "1"]

1. e4 e5 2. Nf3 Nc6 3. Bb5 a6 4. Ba4 Nf6 5. d3 b5 6. Bb3 Be7 7. 0-0 d6 8. c3 0-0 9. Re1 Na5 10. Bc2 c5 11. Nbd2 Nc6 12. Nf1 h6 13. Ng3 Re8 14. a4 b4 15. Nd2 Bf8 16. Nc4 Rb8 17. a5 bxc3 18. bxc3 d5 19. exd5 Nxd5 20. Qf3 Re6 21. Ba4 Rf6 22. Qh5 Nxc3 23. Bxc6 Rxc6 24. Qxe5 Rb3 25. Qf4 Rf6 26. Qd2 Nb5 27. Bb2 Re6 28. Ne5 Qd5 29. Nh5 Qb7 30. Nf4 Re8 31. Nc4 Rd8 32. Re3 Nd4 33. Rae1 Bd7 34. Bxd4 cxd4 35. Re4 Bc6 0-1

[Event "Senta op 20th"]
[Site "Senta"]
[Date "2016.07.26"]
[Round "6"]
[White "Jovanovic, Aleksandar D"]
[Black "Nadj Hedjesi, Balind"]
[Result "0-1"]
[WhiteElo "2148"]
[BlackElo "2325"]
[PlyCount "52"]
[EventDate "2016.07.22"]
[EventType "swiss"]
[EventRounds "9"]
[EventCountry "SRB"]
[SourceTitle "EXT 2017"]
[Source "ChessBase"]
[SourceDate "2016.10.25"]
[SourceVersion "1"]
[SourceVersionDate "2016.10.25"]
[SourceQuality "1"]

1. e4 e6 2. Nc3 c5 3. g3 a6 4. Bg2 b5 5. d3 Bb7 6. Nh3 Nf6 7. f4 d5 8. e5 Nfd7 9. 0-0 g6 10. Ne2 Nc6 11. c3 a5 12. a4 Qb6 13. axb5 Qxb5 14. b3 Qb6 15. Bd2 c4+ 16. d4 cxb3 17. Kh1 h5 18. f5 gxf5 19. Nef4 a4 20. Bxd5 Nxd4 21. cxd4 Bxd5+ 22. Nxd5 Qb7 23. Nhf4 Nb6 24. Rxa4 Nxa4 25. Qf3 exd5 26. Nxd5 0-0-0 0-1

[Event "SRB Central-ch op-A 9th"]
[Site "Paracin"]
[Date "2016.07.12"]
[Round "6"]
[White "Dimitrov, Vladimir"]
[Black "Jovanovic, Aleksandar D"]
[Result "1-0"]
[WhiteElo "2413"]
[BlackElo "2148"]
[PlyCount "43"]
[EventDate "2016.07.07"]
[EventType "swiss"]
[EventRounds "9"]
[EventCountry "SRB"]
[SourceTitle "CBM 173 Extra"]
[Source "ChessBase"]
[SourceDate "2016.08.29"]
[SourceVersion "1"]
[SourceVersionDate "2016.08.29"]
[SourceQuality "1"]

1. d4 f5 2. g3 g6 3. Nf3 Bg7 4. b4 Nc6 5. b5 Na5 6. e3 b6 7. Nbd2 Nb7 8. Bb2 Nd6 9. c4 Bb7 10. Bg2 Nf7 11. 0-0 d6 12. Re1 e5 13. e4 f4 14. gxf4 exf4 15. e5 d5 16. cxd5 Bxd5 17. Ne4 Qc8 18. Rc1 Qb7 19. Nf6+ Bxf6 20. exf6+ Kd8 21. Ne5 f3 22. Qxf3 1-0

[Event "SRB Central-ch op-A 9th"]
[Site "Paracin"]
[Date "2016.07.08"]
[Round "2"]
[White "Rabrenovic, Vladan"]
[Black "Jovanovic, Aleksandar D"]
[Result "0-1"]
[WhiteElo "2369"]
[BlackElo "2148"]
[PlyCount "50"]
[EventDate "2016.07.07"]
[EventType "swiss"]
[EventRounds "9"]
[EventCountry "SRB"]
[SourceTitle "CBM 173 Extra"]
[Source "ChessBase"]
[SourceDate "2016.08.29"]
[SourceVersion "1"]
[SourceVersionDate "2016.08.29"]
[SourceQuality "1"]

1. d4 f5 2. g3 g6 3. Bg2 Bg7 4. c3 Nf6 5. Nd2 Nc6 6. e4 d6 7. Ne2 e5 8. d5 Ne7 9. f3 0-0 10. 0-0 c6 11. dxc6 bxc6 12. b3 Qb6+ 13. Kh1 Ba6 14. Ba3 Rad8 15. c4 Bh6 16. h3 Qa5 17. Nb1 Rf7 18. Qc2 d5 19. Bxe7 Rxe7 20. exf5 dxc4 21. bxc4 gxf5 22. Qxf5 Rf7 23. Nbc3 Bc8 24. Qb1 Rb7 25. Qc2 Rd2 0-1

[Event "SRB-ch sf"]
[Site "Belgrade"]
[Date "2016.03.24"]
[Round "4"]
[White "Jovanovic, Aleksandar D"]
[Black "Cvetkovic, Srdjan"]
[Result "1-0"]
[WhiteElo "2178"]
[BlackElo "2302"]
[PlyCount "59"]
[EventDate "2016.03.21"]
[EventType "swiss"]
[EventRounds "9"]
[EventCountry "SRB"]
[SourceTitle "CBM 171 Extra"]
[Source "ChessBase"]
[SourceDate "2016.04.26"]
[SourceVersion "1"]
[SourceVersionDate "2016.04.26"]
[SourceQuality "1"]

1. d4 Nf6 2. c4 e6 3. Nc3 d5 4. Bg5 Nbd7 5. e3 Be7 6. Nf3 0-0 7. Rc1 c6 8. Bf4 Nh5 9. Be5 f6 10. Bg3 f5 11. Nd2 Nxg3 12. hxg3 Nf6 13. Be2 b6 14. g4 Nxg4 15. Bxg4 fxg4 16. Qxg4 Qe8 17. Qg3 Bf6 18. f4 c5 19. dxc5 bxc5 20. cxd5 exd5 21. Nxd5 Bxb2 22. Rxc5 Bb7 23. Qh4 h6 24. Ne7+ Kh7 25. Qg5 Rf6 26. Rc7 Ba6 27. Ne4 Bd3 28. Nxf6+ Bxf6 29. Rxh6+ gxh6 30. Qxf6 1-0

[Event "Belgrade Trophy 29th"]
[Site "Belgrade"]
[Date "2015.11.29"]
[Round "6"]
[White "Jovanovic, Aleksandar D"]
[Black "Abramovic, Bosko"]
[Result "0-1"]
[WhiteElo "2113"]
[BlackElo "2426"]
[PlyCount "97"]
[EventDate "2015.11.24"]
[EventType "swiss"]
[EventRounds "9"]
[EventCountry "SRB"]
[SourceTitle "CBM 170 Extra"]
[Source "ChessBase"]
[SourceDate "2016.02.25"]
[SourceVersion "1"]
[SourceVersionDate "2016.02.25"]
[SourceQuality "1"]

1. e4 c5 2. Nc3 e6 3. g3 Nc6 4. Bg2 g6 5. d3 Bg7 6. Be3 d6 7. Nge2 Nd4 8. 0-0 Ne7 9. Qd2 0-0 10. Nd1 b6 11. Nc1 Ba6 12. c3 Ndc6 13. Qc2 Qd7 14. f4 f5 15. Re1 Bb7 16. Nf2 Kh8 17. Ne2 e5 18. Rad1 Rac8 19. Qb1 d5 20. Bc1 d4 21. a3 Rce8 22. Qa2 fxe4 23. dxe4 Ng8 24. cxd4 Nxd4 25. Nxd4 exd4 26. Qc4 Rc8 27. Qf1 Qa4 28. e5 Ba6 29. Nd3 Ne7 30. Qf3 Rc7 31. Nf2 Bb7 32. Qd3 Bxg2 33. Kxg2 Qc6+ 34. Qe4 Qe6 35. Nh3 h6 36. Ng1 Rd7 37. Nf3 Rfd8 38. h3 Qd5 39. g4 Rf8 40. Nh2 a5 41. Nf1 a4 42. Ng3 b5 43. h4 Qe6 44. Qf3 Rd5 45. h5 gxh5 46. Nxh5 Bxe5 47. Kh3 Qd7 48. Qe4 Bd6 49. Re2 0-1

[Event "Belgrade Trophy 29th"]
[Site "Belgrade"]
[Date "2015.11.27"]
[Round "4"]
[White "Masic, Predrag"]
[Black "Jovanovic, Aleksandar D"]
[Result "1-0"]
[WhiteElo "2341"]
[BlackElo "2113"]
[PlyCount "73"]
[EventDate "2015.11.24"]
[EventType "swiss"]
[EventRounds "9"]
[EventCountry "SRB"]
[SourceTitle "CBM 169 Extra"]
[Source "ChessBase"]
[SourceDate "2015.12.18"]
[SourceVersion "1"]
[SourceVersionDate "2015.12.18"]
[SourceQuality "1"]

1. e4 e5 2. Nf3 Nc6 3. Bc4 Bc5 4. c3 Qe7 5. 0-0 d6 6. b4 Bb6 7. a4 a6 8. d3 Nf6 9. Nbd2 0-0 10. Bb3 Be6 11. Nc4 Bxc4 12. Bxc4 Nd8 13. Ra2 Ne6 14. Re2 Nh5 15. g3 c6 16. Kh1 Rad8 17. a5 Ba7 18. Bb3 Kh8 19. Nh4 g6 20. Ng2 Neg7 21. f4 f5 22. Qe1 Bb8 23. exf5 gxf5 24. Nh4 Rde8 25. fxe5 dxe5 26. Nf3 Qd6 27. Bc4 Nf6 28. Be3 Ng4 29. Bc5 Qh6 30. Bxf8 Rxf8 31. Qc1 f4 32. Nh4 Qh5 33. d4 Nf5 34. Nxf5 Rxf5 35. gxf4 exf4 36. Rg1 f3 37. Rxg4 1-0

[Event "Belgrade Trophy 29th"]
[Site "Belgrade"]
[Date "2015.11.25"]
[Round "2"]
[White "Vujacic, Borivoje"]
[Black "Jovanovic, Aleksandar D"]
[Result "1-0"]
[WhiteElo "2254"]
[BlackElo "2113"]
[PlyCount "59"]
[EventDate "2015.11.24"]
[EventType "swiss"]
[EventRounds "9"]
[EventCountry "SRB"]
[SourceTitle "CBM 170 Extra"]
[Source "ChessBase"]
[SourceDate "2016.02.25"]
[SourceVersion "1"]
[SourceVersionDate "2016.02.25"]
[SourceQuality "1"]

1. e4 e5 2. Nf3 Nc6 3. Bb5 a6 4. Ba4 Nf6 5. 0-0 Be7 6. Re1 b5 7. Bb3 d6 8. c3 Bg4 9. h3 Bh5 10. d3 h6 11. Nbd2 g5 12. Nf1 Na5 13. Bc2 Nd7 14. Ng3 Bg6 15. d4 f6 16. a4 Nb6 17. axb5 axb5 18. b3 0-0 19. Be3 c6 20. Qd2 Nd7 21. Qe2 Nb7 22. b4 Kh7 23. Bb3 Nb6 24. Rxa8 Qxa8 25. dxe5 Qa3 26. exd6 Nxd6 27. Bc2 Na4 28. e5 Nc4 29. exf6 Rxf6 30. Bc1 1-0

[Event "Grocka op"]
[Site "Grocka"]
[Date "2015.07.24"]
[Round "2"]
[White "Jakovljevic, Zivota"]
[Black "Jovanovic, Aleksandar D"]
[Result "0-1"]
[WhiteElo "2032"]
[BlackElo "2240"]
[PlyCount "70"]
[EventDate "2015.07.23"]
[EventType "swiss"]
[EventRounds "9"]
[EventCountry "SRB"]
[SourceTitle "EXT 2016"]
[Source "ChessBase"]
[SourceDate "2015.10.08"]
[SourceVersion "1"]
[SourceVersionDate "2015.10.08"]
[SourceQuality "1"]

1. d4 f5 2. e4 fxe4 3. Nc3 Nf6 4. Bg5 Nc6 5. d5 Ne5 6. Bxf6 exf6 7. Nxe4 f5 8. Nc3 Bc5 9. Be2 Qh4 10. g3 Qh6 11. Na4 Bb4+ 12. c3 Bd6 13. f4 Ng4 14. Bxg4 fxg4 15. Qe2+ Kd8 16. 0-0-0 Re8 17. Qf1 Qg6 18. Rd4 b5 19. Ne2 bxa4 20. f5 Qh6+ 21. Nf4 Ba6 22. Qd1 a3 23. Kb1 Qg5 24. Qc2 axb2 25. Rhd1 Re5 26. Qa4 Qxf5+ 27. Kxb2 Be2 28. Rc1 Bf3 29. Ka1 g5 30. Ne6+ dxe6 31. dxe6 Qxe6 32. Qa6 Re1 33. Rxd6+ cxd6 34. Qa5+ Ke8 35. Qb5+ Kf7 0-1

[Event "Senta op 19th"]
[Site "Senta"]
[Date "2015.07.16"]
[Round "7"]
[White "Jovanovic, Aleksandar D"]
[Black "Bal, Enes Emre"]
[Result "0-1"]
[WhiteElo "2240"]
[BlackElo "1886"]
[PlyCount "78"]
[EventDate "2015.07.11"]
[EventType "swiss"]
[EventRounds "9"]
[EventCountry "SRB"]
[SourceTitle "EXT 2016"]
[Source "ChessBase"]
[SourceDate "2015.10.08"]
[SourceVersion "1"]
[SourceVersionDate "2015.10.08"]
[SourceQuality "1"]

1. e4 c5 2. b3 e5 3. Bb2 d6 4. Na3 g6 5. Ne2 Bg7 6. Nc3 Ne7 7. g3 0-0 8. Bg2 Nbc6 9. 0-0 f5 10. d3 f4 11. Nc4 Nd4 12. f3 b5 13. Nd2 fxg3 14. hxg3 Bh6 15. Ncb1 Be3+ 16. Rf2 Nec6 17. c3 Bxf2+ 18. Kxf2 Ne6 19. Na3 a6 20. Qh1 d5 21. Rd1 d4 22. Nc2 dxc3 23. Bxc3 Qxd3 24. Nb1 Qxc2+ 25. Rd2 Qxe4 26. f4 Qf5 27. Bxc6 Nxf4 28. gxf4 Qxf4+ 29. Ke1 Bg4 30. Qd5+ Rf7 31. Qxf7+ Qxf7 32. Rf2 Qe7 33. Bd5+ Kg7 34. Bxa8 Qd8 35. Bxe5+ Kg8 36. Bf3 Bxf3 37. Rxf3 Qd5 38. Re3 Qh1+ 39. Kf2 Qxb1 0-1

[Event "Senta op 19th"]
[Site "Senta"]
[Date "2015.07.12"]
[Round "3"]
[White "Stojkovska, Monika"]
[Black "Jovanovic, Aleksandar D"]
[Result "1-0"]
[WhiteElo "2061"]
[BlackElo "2240"]
[PlyCount "91"]
[EventDate "2015.07.11"]
[EventType "swiss"]
[EventRounds "9"]
[EventCountry "SRB"]
[SourceTitle "EXT 2016"]
[Source "ChessBase"]
[SourceDate "2015.10.08"]
[SourceVersion "1"]
[SourceVersionDate "2015.10.08"]
[SourceQuality "1"]

1. e4 Nc6 2. Nf3 d6 3. d4 Bg4 4. Be2 e6 5. d5 exd5 6. exd5 Nb8 7. c4 Nf6 8. Nc3 Be7 9. 0-0 0-0 10. Nd4 Bc8 11. Bd3 g6 12. Kh1 Na6 13. f4 Nc5 14. Bc2 Bg4 15. Qe1 Nh5 16. Ne4 Re8 17. Nf2 Bf6 18. Qd2 Bd7 19. g4 Nxf4 20. Qxf4 Be5 21. Qd2 Qf6 22. g5 Qg7 23. Nb5 Re7 24. Rb1 a6 25. Nc3 b5 26. Nce4 bxc4 27. Nxc5 dxc5 28. Ne4 Bb5 29. Qg2 c3 30. Rf2 Rae8 31. bxc3 Bc4 32. Bd2 Bxd5 33. Nf6+ Qxf6 34. gxf6 Bxg2+ 35. Kxg2 Re6 36. Rbf1 Rd8 37. Bb3 Rxf6 38. Rxf6 Bxf6 39. Be3 Kg7 40. Bxc5 Rd2+ 41. Kh1 Bxc3 42. Rxf7+ Kh8 43. Rf8+ Kg7 44. Rf7+ Kh8 45. Be3 Rd8 46. Rxc7 1-0

[Event "Veliko Gradiste Silver Lake op-A"]
[Site "Veliko Gradiste"]
[Date "2015.06.25"]
[Round "6"]
[White "Jovanovic, Aleksandar D"]
[Black "Jevtic, Miroljub L"]
[Result "1-0"]
[WhiteElo "2218"]
[BlackElo "2060"]
[PlyCount "165"]
[EventDate "2015.06.20"]
[EventType "swiss"]
[EventRounds "9"]
[EventCountry "SRB"]
[SourceTitle "CBM 167 Extra"]
[Source "ChessBase"]
[SourceDate "2015.09.14"]
[SourceVersion "1"]
[SourceVersionDate "2015.09.14"]
[SourceQuality "1"]

1. d4 d5 2. c4 c6 3. e3 Nf6 4. Nc3 g6 5. Nf3 Bg7 6. Ne5 0-0 7. Be2 Nbd7 8. f4 Ne4 9. cxd5 Nxc3 10. bxc3 cxd5 11. Nd3 Nf6 12. 0-0 Ne4 13. Bd2 b6 14. Nb4 a5 15. Nc2 Ba6 16. Bxa6 Rxa6 17. Na3 Qd7 18. Rb1 Rb8 19. Nb5 e6 20. Qe2 Raa8 21. Rfc1 Rc8 22. Be1 Rc4 23. Rb2 Bf8 24. Rcb1 Be7 25. Rb3 a4 26. R3b2 h5 27. g3 f5 28. h3 Kf7 29. g4 hxg4 30. hxg4 a3 31. Rb3 Qe8 32. Qh2 Kg7 33. g5 Qg8 34. Qh6+ Kf7 35. Kg2 Bf8 36. Qh2 Qg7 37. Kf3 Be7 38. Qg2 Qh7 39. Ke2 Qh5+ 40. Kd3 Rca4 41. Bd2 Rh8 42. Rg1 Qh4 43. Kc2 Qh2 44. Bc1 Ng3 45. Kd3 Ne4 46. Bxa3 Rh5 47. Kc2 Rh3 48. Bxe7 Rxa2+ 49. Rb2 Rxb2+ 50. Kxb2 Kxe7 51. Ka3 Nd2 52. Kb4 Nc4 53. Na7 Nxe3 54. Qxh2 Rxh2 55. Nc8+ Kd8 56. Nxb6 Kc7 57. Kc5 Rc2 58. Na4 Ra2 59. Kb4 Ng2 60. Nc5 Kd6 61. Rf1 Rb2+ 62. Ka5 Re2 63. Kb6 Rb2+ 64. Ka7 Ke7 65. Rf3 Kd6 66. Nd3 Re2 67. Ne5 Ne3 68. Rh3 Nc4 69. Nxg6 Ra2+ 70. Kb8 Rb2+ 71. Kc8 Ra2 72. Ne5 Nb6+ 73. Kb7 Rb2 74. Ka6 Nc4 75. Rh7 Ra2+ 76. Kb5 Rb2+ 77. Ka6 Ra2+ 78. Kb7 Rb2+ 79. Kc8 Nb6+ 80. Kd8 Ra2 81. Nf7+ Kc6 82. g6 Rg2 83. g7 1-0

[Event "Veliko Gradiste Silver Lake op-A"]
[Site "Veliko Gradiste"]
[Date "2015.06.23"]
[Round "4"]
[White "Jovanovic, Aleksandar D"]
[Black "Djordjevic, Vuk D"]
[Result "1-0"]
[WhiteElo "2218"]
[BlackElo "2269"]
[PlyCount "87"]
[EventDate "2015.06.20"]
[EventType "swiss"]
[EventRounds "9"]
[EventCountry "SRB"]
[SourceTitle "CBM 167 Extra"]
[Source "ChessBase"]
[SourceDate "2015.09.14"]
[SourceVersion "1"]
[SourceVersionDate "2015.09.14"]
[SourceQuality "1"]

1. d4 Nf6 2. c4 e6 3. Nc3 Bb4 4. Bg5 h6 5. Bh4 b6 6. e3 Bb7 7. Nge2 g5 8. Bg3 Ne4 9. Qc2 f5 10. 0-0-0 Bxc3 11. Nxc3 Nxg3 12. hxg3 Qf6 13. Nb5 Na6 14. Qa4 0-0 15. f4 g4 16. a3 Kg7 17. Bd3 Qe7 18. Rde1 c6 19. Nc3 d5 20. cxd5 b5 21. Qa5 exd5 22. Nd1 Bc8 23. Nf2 Nc7 24. Qc3 Rf6 25. Bc2 a5 26. Nd3 Qd6 27. Nc5 Ne6 28. Rh5 Nd8 29. Bd3 Nf7 30. Qc2 Qe7 31. Bxf5 Nd6 32. Bxc8 Rxc8 33. Qd1 Re8 34. Re5 Qf7 35. Qxg4+ Rg6 36. Qh3 Nc4 37. Rxe8 Qxe8 38. e4 dxe4 39. Rxe4 Qf7 40. f5 Nd6 41. fxg6 Qc4+ 42. Kd1 Nxe4 43. Qd7+ Kxg6 44. Qe8+ 1-0

[Event "Paracin-ch"]
[Site "Paracin"]
[Date "2015.01.19"]
[Round "7"]
[White "Jovanovic, Aleksandar D"]
[Black "Tosic, Srecko"]
[Result "1-0"]
[WhiteElo "2201"]
[BlackElo "2386"]
[PlyCount "129"]
[EventDate "2015.01.15"]
[EventType "swiss"]
[EventRounds "7"]
[EventCountry "SRB"]
[SourceTitle "CBM 164 Extra"]
[Source "ChessBase"]
[SourceDate "2015.03.02"]
[SourceVersion "1"]
[SourceVersionDate "2015.03.02"]
[SourceQuality "1"]

1. e4 e6 2. Qe2 c5 3. Nc3 Nc6 4. d3 Be7 5. g3 d6 6. Bg2 Nf6 7. f4 Nd7 8. Nd1 Nd4 9. Qd2 b6 10. c3 Nc6 11. Nf2 Bb7 12. Nf3 Qc7 13. Qd1 d5 14. 0-0 0-0 15. Re1 Rfe8 16. Nd2 Nf6 17. e5 Nd7 18. Qg4 b5 19. Nf3 Bf8 20. Qh5 g6 21. Qh3 Bg7 22. Ng4 h5 23. Nf2 Ne7 24. Ng5 Nf8 25. g4 hxg4 26. Nxg4 Nf5 27. Be3 Rac8 28. Bf2 Qe7 29. Bf3 f6 30. exf6 Bxf6 31. Bh4 Qg7 32. Re5 Bxe5 33. fxe5 Nd7 34. Bg3 Re7 35. Rf1 Rf8 36. c4 bxc4 37. dxc4 Nb6 38. b3 Qh8 39. Nf6+ Kg7 40. Ngh7 Nd7 41. Qg4 Rff7 42. Bf4 Nf8 43. Ng5 Qh4 44. Nxf7 Kxf7 45. Bg5 Qxg4+ 46. Nxg4 Rd7 47. Nf6 Re7 48. Nxd5 exd5 49. Bxe7 Kxe7 50. cxd5 Bxd5 51. Bxd5 Ne3 52. Rf7+ Ke8 53. Rxa7 Nxd5 54. Kf2 Ne6 55. Ke2 Ndc7 56. Kd3 Kd7 57. h4 g5 58. hxg5 Nxg5 59. Kc4 Kc6 60. Rxc7+ Kxc7 61. Kxc5 Ne6+ 62. Kc4 Kc6 63. b4 Nc7 64. a4 Kb6 65. b5 1-0

[Event "Paracin-ch"]
[Site "Paracin"]
[Date "2015.01.17"]
[Round "3"]
[White "Jovanovic, Aleksandar D"]
[Black "Maksimovic, Branimir"]
[Result "1-0"]
[WhiteElo "2201"]
[BlackElo "2367"]
[PlyCount "79"]
[EventDate "2015.01.15"]
[EventType "swiss"]
[EventRounds "7"]
[EventCountry "SRB"]
[SourceTitle "CBM 164 Extra"]
[Source "ChessBase"]
[SourceDate "2015.03.02"]
[SourceVersion "1"]
[SourceVersionDate "2015.03.02"]
[SourceQuality "1"]

1. e4 e6 2. d3 d5 3. Nd2 Nf6 4. Ngf3 c5 5. Be2 Nc6 6. 0-0 Be7 7. c3 Qc7 8. Re1 0-0 9. Qc2 b6 10. Nf1 h6 11. Ng3 Bb7 12. Bf1 Bd6 13. Qe2 dxe4 14. dxe4 Ne5 15. Nd2 Ng6 16. Qd1 Rad8 17. Qc2 h5 18. Nc4 h4 19. Nxd6 Qxd6 20. Nh1 Ng4 21. f4 e5 22. Qe2 Nf6 23. f5 Nxe4 24. fxg6 Qxg6 25. Nf2 Nf6 26. Qe3 Rd6 27. Qg5 Qh7 28. Rxe5 h3 29. Bf4 Nd5 30. Bd3 Qh6 31. Qxh6 gxh6 32. Bg3 Re6 33. Rae1 hxg2 34. Be4 Rxe5 35. Bxe5 Re8 36. Ng4 Kf8 37. Bxg2 Re6 38. Bg3 h5 39. Rxe6 fxe6 40. Nf6 1-0